000 00300nam a2200133Ia 4500
008 191201s2010 xx 000 0 und d
100 _aGEIGER, Randall L.
245 0 _aVLSI Design Technology
250 _a2nd
260 _c2010
_bTMH
_aN. Delhi
300 _a969
650 _aMCA
942 _2ddc
_cBB
999 _c7407
_d7407